000 00667cab a22001935a 4500
001 L157169
008 120913e2012 xxk 000 0 eng d
035 _a(Sirsi) u157169
041 0 _aeng
100 1 _aSimmons, Mark
245 0 0 _aFocus Surrey, Sussex and Kent
260 _c2012
490 _aEstates Gazette
_v(1236) 8 September 2012, 81-91(9)
520 _aReports on regeneration projects planned for Croydon, Bromley and Eastbourne. With profiles of the three locations and a discussion of the possible issues connected with the various schemes.
590 _aKA
651 4 _aSouth East (England)
690 _aCommercial property
_96227
942 _n0
999 _c84275
_d84275